000 00871nam a22002897a 4500
001 7581
003 FISKH
005 20250724144751.0
008 250724b cb ||||| |||| 00| 0 eng d
020 _a9780516268644
040 _aFISKH
_beng
_cFISKH
_dFISKH
050 _aQC73.4 .M87
082 _a531.6
100 _aMurphy, Patricia
245 _aPush and pull /
_cBy Patricia J. Murphy
260 _aNew York :
_bChildren's Press ,
_c2002.
300 _a31 pages :
_bcolor illustrations;
_c18 cm .
490 _aRookie Read-About Science
505 _aN
520 _aSimple text and photographs describe and illustrate push and pull movement.
521 8 _a570
_bLexile
521 8 _aN
_bRaz-Plus
650 _aForest and energy
_vJuvenile Literature
700 _aWalsh, Martha
_eConsultants
942 _2ddc
_cBK
_n0
999 _c7581
_d7581